| 000 | 01159nam a2200265 a 4500 | ||
|---|---|---|---|
| 001 | 000003025 | ||
| 005 | 20200929150317.0 | ||
| 008 | 090706s1978 dr 000 0 spa d | ||
| 040 |
_aDO-SdBNP _bspa _cBNPHU |
||
| 082 |
_a338.18 _bA657f |
||
| 100 | 1 |
_aAquino González, Carlos _99590 |
|
| 245 | 1 | 0 |
_aFundamentos para una estrategia de desarrollo agrícola / _cCarlos Aquino González ; prólogo Luis B. Crouch ; prefacio Carlos E. Aquino González. |
| 260 |
_aSantiago, República Dominicana : _bInstituto Superior de Agrícultura, _c1978. |
||
| 300 |
_axvii, 190 p. : _bil. ; _c20 cm. |
||
| 500 | _aIncluye lista de abreviaturas. | ||
| 500 | _aIncluye referencias bibliográficas y notas al pie de las páginas | ||
| 504 | _aBibliografía : p. 187-190 | ||
| 590 | _aInventariado, 2019/MFF | ||
| 650 | 4 |
_aPolítica agrícola _zRepública Dominicana _99553 |
|
| 650 | 4 |
_aDesarrollo agrícola _zRepública Dominicana _99591 |
|
| 651 | 4 |
_aRepública Dominicana _xCondiciones Rurales _99403 |
|
| 700 | 1 | 2 |
_aCrouch, Luis B., _epról. _99592 |
| 710 | 2 |
_aInstituto Superior de Agricultura (República Dominicana) _99593 |
|
| 910 | _aValidado. Control de calidad MFF | ||
| 999 |
_c2857 _d2857 |
||